000 00802nab#a2200241#c#4500
999 _c19302
_d19302
003 IEF
005 20191204135646.0
008 950704s1976 uuu|| #####0 b| |u
040 _aIEF
_cES-MaIEF
100 1 _aLópez Juana Pinilla, José
_926467
245 _aProyecto de Real Hacienda que dedica al Rey Nuestro Señor D. Fernando VII (que Dios guarde) el intendente de Guadalaxara D. José López Juana Pinilla. Madrid, Imprenta de Collado, 1814
260 _c1976
650 4 _aHISTORIA ECONOMICA
_945401
650 4 _aESPAÑA
_941092
650 4 _aHACIENDA PUBLICA
_950201
650 4 _aSISTEMA FISCAL
_948426
650 4 _aORGANIZACION
_947901
650 4 _aREFORMA
_910750
773 0 _tHacienda pública española
_w34570
_g38, p. 302-306
942 _2udc
942 _2udc